Fc Barcelona best XI of all time - Statistics

General Stats
  • This quiz has been taken 75 times
  • The average score is 12 of 15
Answer Stats
Hint Answer % Correct
RW Messi
99%
CB Puyol
97%
CM Iniesta
96%
CM Xavi
96%
ST Suarez
88%
Sub Neymar
85%
CB Pique
85%
LW Ronaldinho
85%
Sub Busquets
78%
GK Valdes
75%
LB Alba
72%
RB Alves
71%
CAM Cruyff
56%
Sub Rivaldo
50%
Sub Eto'o
44%
No matching quizzes found
Score Distribution
Percent of People with Each Score
Percentile by Number Answered
Your Score History
You have not taken this quiz